<?xml version="1.0" encoding="UTF-8"?>
<record
    xmlns:xsi="http://www.w3.org/2001/XMLSchema-instance"
    xsi:schemaLocation="http://www.loc.gov/MARC21/slim http://www.loc.gov/standards/marcxml/schema/MARC21slim.xsd"
    xmlns="http://www.loc.gov/MARC21/slim">

  <leader>01507nam a2200277 i 4500</leader>
  <controlfield tag="001">151570</controlfield>
  <controlfield tag="003">ES-MaACL</controlfield>
  <controlfield tag="005">20231226211507.0</controlfield>
  <controlfield tag="008">931025s1901    sp           |||| |dspa d</controlfield>
  <datafield tag="100" ind1="1" ind2=" ">
    <subfield code="a">As&#xED;n Palacios, Miguel.</subfield>
    <subfield code="9">23614</subfield>
  </datafield>
  <datafield tag="245" ind1="1" ind2="0">
    <subfield code="a">Algazel </subfield>
    <subfield code="b">: dogm&#xE1;tica, moral, asc&#xE9;tica / </subfield>
    <subfield code="c">por Miguel As&#xED;n Palacios ; con pr&#xF3;logo de Men&#xE9;ndez Pelayo.</subfield>
  </datafield>
  <datafield tag="260" ind1=" " ind2=" ">
    <subfield code="a">Zaragoza : </subfield>
    <subfield code="b">Tip. y Lib. de Comas Hermanos, </subfield>
    <subfield code="c">1901.</subfield>
  </datafield>
  <datafield tag="300" ind1=" " ind2=" ">
    <subfield code="a">XXXIX, 912 p. ; </subfield>
    <subfield code="c">16 cm.</subfield>
  </datafield>
  <datafield tag="490" ind1="1" ind2=" ">
    <subfield code="a">Colecci&#xF3;n de estudios &#xE1;rabes ; </subfield>
    <subfield code="v">6</subfield>
  </datafield>
  <datafield tag="490" ind1="1" ind2=" ">
    <subfield code="a">Estudios filos&#xF3;fico-teol&#xF3;gicos ; </subfield>
    <subfield code="v">1</subfield>
  </datafield>
  <datafield tag="505" ind1="8" ind2=" ">
    <subfield code="a">Contiene: Ap&#xE9;ndice 1. An&#xE1;lisis y versi&#xF3;n de los libros esot&#xE9;ricos de Algazel titulados Almadn&#xFA;n grande y peque&#xF1;o, seg&#xFA;n la ed. colectiva del Cairo, a&#xF1;o 1309 de la H&#xE9;gira - Ap&#xE9;ndice 2. Extracto del libro de Algazel titulado Destrucci&#xF3;n de los fil&#xF3;sofos - Ap&#xE9;ndice 3. Versi&#xF3;n del pr&#xF3;logo de la obra m&#xED;stica de Algazel titulada Camino seguro de los devotos, 881</subfield>
  </datafield>
  <datafield tag="530" ind1=" " ind2=" ">
    <subfield code="a">Disponible en formato digital.</subfield>
  </datafield>
  <datafield tag="600" ind1="1" ind2="4">
    <subfield code="a">Al-Gazali, Muhammad b. Muhammad Abu Hamid.</subfield>
    <subfield code="9">19047</subfield>
  </datafield>
  <datafield tag="700" ind1="1" ind2=" ">
    <subfield code="a">Men&#xE9;ndez y Pelayo, Marcelino,</subfield>
    <subfield code="d">1856-1912</subfield>
    <subfield code="9">80332</subfield>
  </datafield>
  <datafield tag="830" ind1="1" ind2=" ">
    <subfield code="a">Colecci&#xF3;n de estudios &#xE1;rabes ; </subfield>
    <subfield code="v">6</subfield>
    <subfield code="9">188295</subfield>
  </datafield>
  <datafield tag="830" ind1="1" ind2=" ">
    <subfield code="a">Estudios filos&#xF3;fico-teol&#xF3;gicos ; </subfield>
    <subfield code="v">1</subfield>
    <subfield code="9">221247</subfield>
  </datafield>
  <datafield tag="852" ind1=" " ind2=" ">
    <subfield code="a">ES-MaACL</subfield>
    <subfield code="j">G-13747   </subfield>
    <subfield code="z">- Enc. hol., conservando cub. original</subfield>
  </datafield>
  <datafield tag="856" ind1=" " ind2=" ">
    <subfield code="u">http://www.larramendi.es/es/consulta/registro.do?id=28506 </subfield>
    <subfield code="z">Biblioteca Virtual de Pol&#xED;grafos</subfield>
  </datafield>
  <datafield tag="942" ind1=" " ind2=" ">
    <subfield code="2">udc</subfield>
  </datafield>
  <datafield tag="999" ind1=" " ind2=" ">
    <subfield code="c">151570</subfield>
    <subfield code="d">151570</subfield>
  </datafield>
  <datafield tag="952" ind1=" " ind2=" ">
    <subfield code="0">0</subfield>
    <subfield code="1">0</subfield>
    <subfield code="4">0</subfield>
    <subfield code="7">0</subfield>
    <subfield code="8">Colecci&#xF3;n_digital</subfield>
    <subfield code="a">ATENEOM</subfield>
    <subfield code="b">ATENEOM</subfield>
    <subfield code="c">SPP3</subfield>
    <subfield code="d">2008-01-17</subfield>
    <subfield code="e">SSC</subfield>
    <subfield code="l">0</subfield>
    <subfield code="o">G-13747</subfield>
    <subfield code="p">1158161</subfield>
    <subfield code="r">2023-02-23 00:00:00</subfield>
    <subfield code="w">2023-02-23</subfield>
    <subfield code="y">MONANT</subfield>
  </datafield>
</record>
